00405nam a2200121Ia 450000500170000000800410001708200130005810000190007124500750009026000500016530000120021550000560022720250617025348.0240331s9999 xx 000 0 und d bJAYa305 aJayawardena, K 0aDr. Mary Ratnam :ba Canadian pioneer for women's rights in Sri Lanka aColombobSocial Scientists Assosiactionc1993 a47 p ., aA Canadian pioneer for women's rights in Sri Lanka